music trivia: 2015-2016 songs and artists - Statistics

General Stats
  • This quiz has been taken 90 times
    75 since last reset
  • The average score is 6 of 15
Answer Stats
this 2015/2016 song... ...is by this artist or group % Correct
Hello Adele
98%
Uptown Funk Mark Ronson feat. Bruno Mars
88%
Photograph Ed Sheeran
77%
Can't Feel My Face The Weeknd
74%
One Call Away Charlie Puth
58%
Cool for Summer Demi Lovato
50%
Ex's & Oh's Elle King
47%
Heartbeat Song Kelly Clarkson
30%
The Sound of Silence Disturbed
26%
Lazarus David Bowie
12%
California Kids Weezer
8%
Something in the Water Carrie Underwood
6%
Traveller Chris Stapleton
6%
Biscuits Kacey Musgraves
6%
Forever Country (medley) Artists of Then, Now and Forever, including; Brad Paisley, Willie Nelson, Dolly Parton, Carrie Underwood, et al.
3%
No matching quizzes found
Score Distribution
Percent of People with Each Score
Percentile by Number Answered
Your Score History
You have not taken this quiz since the last reset